banner-ar

اللغز المحير: عبدالكريم قاسم , بدايات الصعود / (Record no. 48112)

MARC details
000 -الفاتح
حقل البيانات ثابتة الطول 00701nam a2200193Ia 4500
008 - عناصر البيانات ثابتة الطول - معلومات عامة
حقل البيانات ثابتة الطول 140319s9999 xx 000 0 ara d
040 ## - مصدر الفهرسة
وكالة الفهرسة الأصلية GCL /
وكالة النسخ GCL
082 04 - رقم تصنيف ديوى العشرى
رقم التصنيف 956.705
رقم المادة خ ل
100 1# - المدخل الرئيسى - إسم شخصى
الإسم الشخصى خليل ابراهيم حسين الزويمى
245 10 - بيان العنوان
العنوان اللغز المحير: عبدالكريم قاسم , بدايات الصعود /
بيان المسئوليه,etc خليل ابراهيم حسين الزويمى
300 ## - الوصف المادى
التعداد 405 ص
490 ## - بيان السلسلة
عنوان السلسلة موسوعة 14 تموز
رقم المجلد/ التعيين التسلسلي 0
650 04 - المدخل الاضافى بالموضوع-مصطلح موضوعى
مصطلح موضوعي ثورة تموز 1958
650 04 - المدخل الاضافى بالموضوع-مصطلح موضوعى
مصطلح موضوعي العراق - تاريخ - العصر الحديث
650 04 - المدخل الاضافى بالموضوع-مصطلح موضوعى
مصطلح موضوعي عبدالكريم قاسم
650 04 - المدخل الاضافى بالموضوع-مصطلح موضوعى
مصطلح موضوعي العراق - الاحوال السياسية
942 ## - عناصر المدخل الإضافي( كوها)
مصدر التصنيف او مخطط الترفيف Dewey Decimal Classification
Koha [default] item type كتاب
Holdings
حالة التراجع حالة الفقد حالة تلف ليس للاعارة المكان المؤقت الموقع الحالى تاريخ الاكتساب اجمالي اﻻعارات رقم الطلب الباركود تاريخ اخر مشاهدة تاريخ تفعيل السعر نوع وعاء كوها
        مكتبة القاهرة الكبرى مكتبة القاهرة الكبرى 03/26/2014   956.705\خ ل 116095 03/26/2014 03/26/2014 كتاب
        مكتبة القاهرة الكبرى مكتبة القاهرة الكبرى 03/26/2014   956.705\خ ل 116096 03/26/2014 03/26/2014 كتاب

Powered By

EGPV